| 000 | 01022 a2200265 4500 | ||
|---|---|---|---|
| 003 | Nust | ||
| 005 | 20170207154011.0 | ||
| 010 | _a 00268655 | ||
| 020 | _a1565926420 (pbk.) | ||
| 035 | _a(OCoLC)ocm43107991 | ||
| 035 | _aG00B-138 | ||
| 040 | _cNust | ||
| 082 | _a005.133 | ||
| 100 | 1 | _aPreston, W. Curtis. | |
| 245 | 1 | 0 |
_aUnix backup and recovery -(E-BOOK) _cW. Curtis Preston. |
| 246 | 1 | 4 | _aUnix backup & recovery |
| 246 | 1 | 4 | _aUnix backup & recovery |
| 250 | _a1st ed. | ||
| 260 |
_aBeijing ; _aSebastopol, CA : _bO'Reilly, _cc1999. |
||
| 300 |
_axxiii, 707 p. : _bill. ; _c22 cm + _e1 computer optical disc (4 3/4 in.) |
||
| 505 | _aIntroduction (Page-1) Freely Available Filesystem Backup & Recovery Utilities (Page-67) Commercial Filesystem Backup & Recovery Utilities (Page-185) Bare-Metal Backup & Recovery Methods (Page-247)Database Backup & Recovery (Page-339) Backup & Recovery Potpourri (Page-589) | ||
| 650 | 0 | _aData recovery (Computer science) | |
| 650 | 0 | _aDatabase management. | |
| 651 | _aE-BOOK | ||
| 942 |
_2ddc _cBK |
||
| 999 |
_c191201 _d191201 |
||